000 00471nam a2200133Ia 4500
008 100415s9999 xx 000 0 und d
082 _b16803
245 _aBulletin of the National Science Museum: 016789 - vol.2, 1976: - vol.16, 1990
260 _c0
365 _b0
630 _aBulletin of the National Science Museum: 016789 - vol.2, 1976: - vol.16, 1990
730 _aBulletin of the National Science Museum: 016789 - vol.2, 1976: - vol.16, 1990
942 _cBOOK
999 _c599701
_d599698